|
|
|
|
| LEADER |
00985nam a2200241 a 4500 |
| 001 |
13126 |
| 003 |
BD-DhAAL |
| 008 |
090330s2002 cau b 001 0 eng d |
| 999 |
|
|
|c 36
|d 36
|
| 010 |
|
|
|a 2002073431
|
| 020 |
|
|
|a 0761996486 (c.)
|
| 020 |
|
|
|a 0761996478 (pbk.)
|
| 040 |
|
|
|a DLC
|c DLC
|d DLC
|d BD-DhAAL
|
| 082 |
0 |
0 |
|a 658.3125
|2 21
|
| 100 |
1 |
|
|a Sawardekar, Nitin,
|d 1954-
|9 41174
|
| 245 |
1 |
0 |
|a Assessment centres :
|b identifying potential and developing competency /
|c Nitin Sawardekar
|
| 260 |
|
|
|a Thousand Oaks, Calif. :
|b Sage Publications,
|c 2002.
|
| 504 |
|
|
|a Includes bibliographical references and index.
|
| 541 |
1 |
|
|e 00013126
|
| 650 |
|
0 |
|a Assessment centers (Personnel management procedure)
|9 41175
|
| 852 |
|
|
|a Ayesha Abed Library
|j General Stacks
|
| 942 |
|
|
|2 ddc
|c BK
|
| 952 |
|
|
|0 0
|1 0
|2 ddc
|4 0
|6 658_312500000000000_SAW
|7 0
|9 35
|a BRACUL
|b BRACUL
|c GEN
|d 2009-04-28
|g 0.00
|l 2
|m 25
|o 658.3125 SAW
|p 3010013126
|r 2017-08-09
|s 2017-02-28
|t 1
|w 2009-04-28
|y BK
|x No price found in the accession register.
|